| 000 | 01042nam0a22002771 4500 | ||
|---|---|---|---|
| 001 | RU\NLR\INFOCOMM_196\5000023300 | ||
| 005 | 20250613092633.0 | ||
| 035 | _a(NLR Aleph) 009169596 | ||
| 090 |
_a8504621 _c8504621 |
||
| 100 | _a20100221d1982 |||y0rusy50 ca | ||
| 101 | 0 | _afre | |
| 102 | _aRU | ||
| 105 | _ay ||||000|y | ||
| 200 | 1 |
_aPlanification du travail de la flotte de transport _eAbrégé des Cours de perfectionnement professionnel près L'ONU _fA. S. Boutov |
|
| 210 |
_aL. _d1982 |
||
| 215 |
_a108 с. _d20 см |
||
| 300 | _aВ надзаг.: Min. de la flotte fluviale de la RSFSR. Inst. de transport par eau de Léningrad.- Chaire d'administration du service de navigation | ||
| 606 |
_aВодный транспорт _xТруд _xПланирование _2nlr_sh1 |
||
| 686 |
_aУ37(2)4-64-23 _2rubbk |
||
| 700 | 1 |
_9z01790 _aButov _bA. S. _gAnatolij Sergeevič _4070 |
|
| 790 | 1 |
_9z01700 _aBoutov _bA. S. _4070 |
|
| 801 | 1 |
_aRU _bNLR _c20100221 |
|
| 801 | 0 |
_aRU _bNLR _gPSBO |
|
| 852 |
_aNLR _jЭк61 Д-3/29 |
||
| 942 | _cBOOK | ||
| 980 | _aNB | ||